| 000 | 00365nam a2200145Ia 4500 | ||
|---|---|---|---|
| 008 | 240624s9999 xx 000 0 und d | ||
| 041 | _aeng | ||
| 082 | _a650.1 ADA | ||
| 100 | _aADAIR JOHN | ||
| 245 | _a100 GREATEST IDEAS FOR PERSONAL SUCCESS | ||
| 250 | _a11 | ||
| 260 |
_c2011 _aUnited Kingdom _bCapstone |
||
| 300 | _ax, : 201 : p. : cm. ; 21 | ||
| 365 |
_c _b27 |
||
| 999 |
_c17641 _d17641 |
||